Orlando furioso canto ventesimottavo ; Dichiarazioni al canto ventesimottavo /

Elmentve itt :
Bibliográfiai részletek
Szerző: Ariosto Lodovico
Dokumentumtípus: Cikk
Megjelent: 1857
Sorozat:Kolligátum
Kulcsszavak:Olasz irodalom - eposz
Online Access:http://misc.bibl.u-szeged.hu/25883
LEADER 00587nab a2200169 i 4500
001 misc25883
005 20191111110753.0
008 170731s1857 hu o 0|| zxx d
040 |a SZTE Miscellanea Repozitórium  |b hun 
041 |a zxx 
100 1 |a Ariosto Lodovico 
245 1 0 |a Orlando furioso   |h [elektronikus dokumentum] :  |b canto ventesimottavo ; Dichiarazioni al canto ventesimottavo /  |c  Ariosto Lodovico 
260 |c 1857 
300 |a 227-234 
490 0 |a Kolligátum 
695 |a Olasz irodalom - eposz 
856 4 0 |u http://misc.bibl.u-szeged.hu/25883/1/018_005_227-234.pdf  |z Dokumentum-elérés